000 00644nam a22002177a 4500
005 20251108173702.0
008 250721s2005 xx 000 0 ara d
020 _a9957092022
082 1 4 _a320.9562/ عبد
100 1 _aعبد الفتاح، نبيل
245 1 0 _aاليوتوبيا و الجحيم : قضايا الحداثة و العولمة في مصر /
250 _aط.2
264 1 _aعمان :
_bأزمنة،
_c2005.
300 _a232ص.
650 1 7 _aالتدويل
650 1 7 _aمصر
650 1 7 _aالايديولوجيات السياسية
650 1 7 _aالاقتصاد
942 _2ddc
_cBK
999 _c109933
_d109933